Entry Personal Name
Number of records used in: 1
001 - CONTROL NUMBER
003 - CONTROL NUMBER IDENTIFIER
005 - DATE AND TIME OF LATEST TRANSACTION
- control field:
20230929154753.0
008 - FIXED-LENGTH DATA ELEMENTS
- fixed length control field:
800522n| azannaabn |a aaa
010 ## - LIBRARY OF CONGRESS CONTROL NUMBER
- LC control number:
n 80032254
035 ## - SYSTEM CONTROL NUMBER
- System control number:
(OCoLC)oca00414457
040 ## - CATALOGING SOURCE
- Original cataloging agency:
DLC
- Language of cataloging:
eng
- Description conventions:
rda
- Transcribing agency:
DLC
- Modifying agency:
DLC
- Modifying agency:
MX-SlUA
- Modifying agency:
DLC
- Modifying agency:
OCoLC
- Modifying agency:
OU
046 ## - SPECIAL CODED DATES
- Birth date:
1907
- Death date:
1966-04-29
- Source of date scheme:
edtf
100 1# - HEADING--PERSONAL NAME
- Personal name:
Rainville, Earl D.
- Fuller form of name:
(Earl David),
- Dates associated with a name:
1907-1966
370 ## - ASSOCIATED PLACE
- Associated country:
United States
- Other associated place:
Ann Arbor (Mich.)
- Source of term:
naf
373 ## - ASSOCIATED GROUP
- Associated group:
University of Michigan
- Source of term:
naf
374 ## - OCCUPATION
- Occupation:
Mathematicians
- Occupation:
College teachers
- Occupation:
Authors
- Source of term:
lcsh
375 ## - GENDER
- Gender:
Males
- Source of term:
lcdgt
378 ## - FULLER FORM OF PERSONAL NAME
- Fuller form of personal name:
Earl David
400 1# - SEE FROM TRACING--PERSONAL NAME
- Personal name:
Rainville, E. D.
- Fuller form of name:
(Earl David),
- Dates associated with a name:
1907-1966
400 1# - SEE FROM TRACING--PERSONAL NAME
- Control subfield:
nnea
- Personal name:
Rainville, Earl David,
- Dates associated with a name:
1907-
400 1# - SEE FROM TRACING--PERSONAL NAME
- Personal name:
Rainville, Earl David,
- Dates associated with a name:
1907-1966
670 ## - SOURCE DATA FOUND
- Source citation:
Linear differential invariance under an operator related to the Laplace transformation ... 1940
670 ## - SOURCE DATA FOUND
- Source citation:
Elementary differential equations, c1989:
- Information found:
CIP t.p. (Earl D. Rainville)
670 ## - SOURCE DATA FOUND
- Source citation:
Ecuaciones diferenciales elementales, 1969:
- Information found:
t.p. (Earl D. Rainville)
670 ## - SOURCE DATA FOUND
- Source citation:
OCLC, July 2, 2012
- Information found:
(hdg.: Rainville, Earl David, 1907- ; usage: Earl D. Rainville; Earl David Rainville; E.D. Rainville)
670 ## - SOURCE DATA FOUND
- Source citation:
Wikidata via Wikipedia, October 10, 2019
- Information found:
(alias: Earl D. Rainville, Earl Rainville; occupation: mathematician; VIAF identifier: 32079940; ISNI (P213): 0000000108850999; Mathematics Genealogy Project identifier: 5208; instance of: human; sex or gender: male; date of birth: +1907-00-00T00:00:00Z; date of death: +1966-00-00T00:00:00Z; educated at: University of Michigan, University of Colorado; given name: Earl; employer: University of Michigan; country of citizenship: United States of America; LCAuth identifier: n80032254; zbMATH author ID: rainville.earl-david; National Library of Greece ID (P3348): 140587; SNAC Ark ID (P3430): w6cq1x6q; SHARE Catalogue author ID (P3987): 50061; NTA identifier (Netherlands): 152197354; SUDOC authorities: 130584118; BnF identifier: 123869387; NKC identifier: mzk2018999229; description/label: Ameerika Ühendriikide matemaatik, American mathematician, Amerikaans wiskundige , matematan Lamerikänik, matemàtic estatunidenc, matematician american, matematiciste american, matemático estadounidense, matematico statunitense, matemáticu estauxunidense , matematikan amerikan, mathématicien américain, Usana matematikisto, usona matematikisto, מתמטיקאי אמריקאי, رياضياتي أمريكي)
- Uniform Resource Identifier:
http://www.wikidata.org/entity/Q5325813